Welcome to the Holygrace Academy Library

Please use search bar below to get started

TEXTBOOK OF BUSINESS STUDIES (Record no. 554)

MARC details
000 -LEADER
fixed length control field 00320nam a22001217a 4500
020 ## - INTERNATIONAL STANDARD BOOK NUMBER
ISBN 81-219-3223-8
082 ## - DEWEY DECIMAL CLASSIFICATION NUMBER
Classification number 174.4
Item number WAS/T
100 ## - MAIN ENTRY--AUTHOR NAME
Personal name V.WASON
245 ## - TITLE STATEMENT
Title TEXTBOOK OF BUSINESS STUDIES
Remainder of title FOR CLASS XI
260 ## - PUBLICATION, DISTRIBUTION, ETC. (IMPRINT)
Place of publication DELHI
Name of publisher S.CHAND & COMPANY PVT LTD
Year of publication 2013
650 ## - SUBJECT ADDED ENTRY--TOPICAL TERM
Topical Term BUSINESS STUDIES FOR CLASS XI
Geographic subdivision INDIA
942 ## - ADDED ENTRY ELEMENTS (KOHA)
Koha item type Books
Holdings
Withdrawn status Lost status Collection code Home library Current library Shelving location Date acquired Source of acquisition Cost, normal purchase price Full call number Accession Number Koha item type
    Reference Main Library Main Library   17/07/2014 purchase 260.00 174.4 WAS/T 08892 Books